Представление документа в формате RUSMARC

ПолеНазваниеЗначение
  Тип записи a
  Библиографический уровень m
001 Контрольный номер RU/SLIB/B/208747719
005 Дата корректировки 20250225101940.0
010 Индекс ISBN __
d Цена 1-10
100 Данные общей обработки __
a Данные общей обработки 20211115d1989 ma y0rusy028902 ca
101 Язык документа 0_
a Язык текста rus
102 Страна публикации __
a Страна публикации RU
105 Кодированные данные (монография) __
a Кодированные данные (монография) a z 000yy
181 Поле кодированных данных: вид содержания _0
a Код вида содержания (ISBD) i
182 Поле кодированных данных: тип средства _0
a Код типа средства (ISBD) n
200 Заглавие и сведения об ответственности 1_
a Заглавие Футбол сквозь годы
f Первые сведения об ответственности Старостин Н. П.
b Общее обозначение материала Текст
210 Выходные данные 1_
a Место издания М.
c Издательство Совет. Россия
d Дата издания 1989
215 Физическое описание __
a Объем 208 с., [16] л. фот.
600 Персоналии _1
a Персоналии (Фамилия) Старостины
600 Персоналии _1
a Персоналии (Фамилия) Старостин, Н. П.
606 Тематические рубрики __
a Основная рубрика Физическая культура и спорт
y Географическая подрубрика Россия
606 Тематические рубрики __
a Основная рубрика Спортивные игры
610 Ключевые слова 0_
a Ключевые слова футбол; история футбола; советский футбол; футболисты; футбольные клубы; футбольные команды; футбольные матчи; советский футбол; российский футбол
686 Индексы других классификаций __
a Классификационный индекс 75.578-8; ст75.578г
700 Автор _1
a Фамилия Старостин
b Имя Н. П.
4 Код отношения 070
801 Источник записи _0
a Страна RU
b Организация Муниципальное бюджетное учреждение культуры "Централизованная библиотечная система" г. Сургут (Центральная городская библиотека им. А. С. Пушкина)
g Правила каталогизации КиК/Уланова
801 Источник записи _1
a Страна RU
b Организация Муниципальное бюджетное учреждение культуры "Централизованная библиотечная система" г. Сургут (Центральная городская библиотека им. А. С. Пушкина)
g Правила каталогизации КиК/Уланова
852 Данные о местонахождении __
j Шифр хранения 75.578-8
c Каталожный индекс 75.578
i Авторский знак С 77
p Инвентарный номер 40337
901 Тип документа __
t Тип документа m
990 Данные о заказе (DOS) __
j Количество экземпляров (DOS) 2